Análisis de soluciones para abstecer agua potable a Ciudad Neily, Canoas y La Cuesta
Guardado en:
| Hovedforfatter: | |
|---|---|
| Format: | Ukendt |
| Udgivet: |
[San José , Costa Rica]
1981
|
| Fag: | |
| Tags: |
Tilføj Tag
Ingen Tags, Vær først til at tagge denne postø!
|
MARC
| LEADER | 00000 a2200000 4500 | ||
|---|---|---|---|
| 003 | 001317 | ||
| 005 | 20221231143742.0 | ||
| 008 | 140114s1981 c a m 000 ||s d | ||
| 040 | |c cru CEDI | ||
| 090 | |a TFG 1011 | ||
| 100 | |a Blanco Sáenz, Mario A |9 15933 | ||
| 245 | |a Análisis de soluciones para abstecer agua potable a Ciudad Neily, Canoas y La Cuesta | ||
| 260 | |c 1981 |a [San José , Costa Rica] | ||
| 300 | |a [328] hojas : ilustraciones (algunas plegables) ; 28 cm | ||
| 500 | |a Proyecto de graduación (ingeniero civil)--Universidad de Costa Rica. Facultad de Ingeniería. Escuela de Ingeniería Civil | ||
| 650 | |x AGUA POTABLE - VILLA NEILY (GOLFITO, PUNTARENAS, COSTA RICA) |x AGUA POTABLE - LA CUESTA (GOLFITO, PUNTARENAS, COSTA RICA) |x AGUA POTABLE - CANOAS (GOLFITO, PUNTARENAS, COSTA RICA) |9 15932 | ||
| 942 | |c TFG | ||
| 999 | |c 11274 |d 11274 | ||
